Kovom a ohňom (o akupunktúre)

Bibliographic Details
Main Author: Kajdoš, Václav, 1922-1990 (Author)
Other Authors: Tandlmajer, Rudolf (prekladateľ) (Translator)
Format: Book
Language:Slovak
Czech
PhysicalDescription:289 s. 20 cm
Published: Bratislava Smena 1987
Series:Križovatky
Subjects:

MARC

LEADER 00000cam a2200000 a 4500
001 vtls001121401
003 SK-MaSNL
005 20260301231444.0
008 251113s1988 xo a 00000 slo
015 |a SNBA1987 
035 |a SNK000064244 
040 |a SNK  |b slo  |c SNK  |e AACR2 
041 1 |a slo  |h cze 
044 |a xo  |c SK 
080 |a 615.814.1  |2 1981 
100 1 |a Kajdoš, Václav,  |d 1922-1990  |4 aut  |9 212860 
240 1 0 |a Kovem a ohněm  |l Slovensky 
245 1 0 |a Kovom a ohňom (o akupunktúre)  |c Václav Kajdoš ; z českého originálu preložil Rudolf Tandlmajer 
260 |a Bratislava  |b Smena  |c 1987 
300 |a 289 s.  |c 20 cm 
366 |e 30000 výtl. 
490 1 |a Križovatky 
650 0 7 |a akupunktúra  |2 SNKPH  |9 2623 
655 7 |a populárno-náučné publikácie  |2 SNKPH  |9 70460 
700 1 |a Tandlmajer, Rudolf  |c (prekladateľ)  |4 trl  |9 184399 
830 0 |a Križovatky  |9 279754 
852 |a Slovenská národná knižnica 
958 |a NB 
958 |a CZ 
958 |a TL 
958 |a OP 
958 |a OND 
999 |c 958452  |d 960382 
952 |t P60, <04>, [BOOK], {604}  |a SNK  |b SNK  |y VYP  |7 0  |p 17A0263003  |o snkSD 60104 D1  |0 0  |1 0  |4 0  |d 2001-01-09  |l 0  |r 2004-12-31 00:00:00  |w 2026-02-24 
952 |t P60, <03>, [BOOK], {603}  |a SNK  |b SNK  |y PREZ  |7 0  |p 17A0300662  |o snkSD 60104  |i snkK 540/2001  |0 0  |1 0  |4 0  |d 2001-05-02  |l 0  |r 2004-12-31 00:00:00  |w 2026-02-24